000 00407cam a22001337a 4500
008 180718b2000 xxu||||| |||| 00| 0 eng d
082 _aA81x54 91/22/PT11
100 _aCensus of India 1991
245 _aSikkim: census atlas
260 _aDelhi
_bThe Controller of Publications
_c2000
300 _a165+p.
440 _aCensus of India 1991. Series-22, Sikkim. Part XI
650 _aSikkim - Atlases - Census
999 _c483609
_d483609